| 000 | 00669cam a22001937a 4500 | ||
|---|---|---|---|
| 003 | MX-MxUPN | ||
| 005 | 20250528153908.0 | ||
| 008 | 250528s1981 ec| |||fr|||| 00| 0 spa d | ||
| 040 |
_aMX-MxUPN _bspa |
||
| 041 | 0 | _aspa | |
| 050 | 4 |
_aLB1707 A44 _bS46 1980 |
|
| 111 | 2 |
_aSeminario subregional sobre formación y perfeccionamiento de los especialistas de la formación docente _d(1980 : _cQuito, Ecuador) _956724 |
|
| 245 | 1 | 0 | _aInforme final |
| 260 |
_aSantiago de Chile ; _bUnesco, _c19*81 |
||
| 300 | _a18 páginas | ||
| 650 | 0 |
_aMaestros _xFormación profesional _zAmérica Latina _vCongresos _956725 |
|
| 902 | _aVíctorGodínez/280525 | ||
| 942 |
_2lcc _cFOLL |
||
| 999 |
_c213351 _d213351 |
||